| 000 | 01874nam0a22003851 4500 | ||
|---|---|---|---|
| 001 | rc\3357953 | ||
| 005 | 20260406193606.0 | ||
| 021 |
_aRU _b[71-14837] |
||
| 035 | _a(NLR Aleph) 007524364 | ||
| 090 |
_a7735435 _c7735435 |
||
| 100 | _a20130115d1971 u y0rusy50 ca | ||
| 101 | 0 | _arus | |
| 102 | _aRU | ||
| 105 | _aa z ||||| | ||
| 200 | 1 |
_aВ.И. Ленин и Псковский край _eДокументы, статьи _f[Введ. канд. ист. наук П.А. Николаева] _gПарт. архив Псковского обкома КПСС. Гос. архив Псковской обл. |
|
| 210 |
_aЛенинград _cЛениздат _d1971 |
||
| 215 |
_a344 с., 5 л. ил. _d21 |
||
| 300 | _aНа обороте тит. л. сост.: П.А. Николаев, Г.Н. Богданова, Г.Р. Рафельсон и др. | ||
| 320 | _aБиблиогр.: с. 240-243 | ||
| 532 | 1 | 0 | _aВладимир Ильич Ленин и Псковский край |
| 600 | 1 |
_aЛенин _bВ.И. _f1870 - 1924 _gВладимир Ильич _9966992 _3RU\NLR\AUTH\66362063 |
|
| 607 |
_aПсковская область _xИстория _92177451 _3RU\NLR\AUTH\661309584 |
||
| 686 | 1 | _aТ3(2)71-8 | |
| 686 | 1 | _aТ3(2Р-4Пс)0,02 | |
| 702 | 1 |
_aБогданова _bГ. Н. _4220 |
|
| 702 | 1 |
_aРафельсон _bГ. Р. _4220 |
|
| 702 | 1 |
_4570 _8rus _7ca _aЛенин _bВ. И. _f1870-1924 _gВладимир Ильич _3RU\NLR\AUTH\773584 _9113579 |
|
| 702 | 1 |
_4080 _4220 _8rus _7ca _aНиколаев _bП. А. _cканд. ист. наук _f1920-1999 _gПетр Архипович _3RU\NLR\AUTH\7768819 _951747 |
|
| 712 | 0 | 2 |
_aПсковский областной партийный архив _3RU\NLR\AUTH\889956371 _9408855 |
| 801 | 0 |
_aRU _bNLR _gpsbo |
|
| 801 | 1 |
_aRU _bELAR _2rusmarc |
|
| 852 |
_aNLR _j71-3/1093 |
||
| 942 | _cBOOK | ||
| 980 | _aNB | ||